000 00980nam0a22002531 4500
001 rc\661852
005 20250621202603.0
035 _a(NLR Aleph) 005900950
090 _a6276220
_c6276220
100 _a20031121d1986 |||y0rusy50 ca
101 0 _arus
102 _aRU
105 _aa |||||||||
200 1 _aГЕОФИЗИЧЕСКИЕ исследования на о. Хейса (ЗФИ) в зимние сезоны 1983-1984 и 1984-1985 гг.
_fН.Н. Богданов, В.Г. Воробьев, Т.А. Галахова и др.
210 _aАпатиты
_cКол. фил. АН СССР
_d1986
215 _a50 с.
_cил.
_d20
225 1 _aПрепринт
_fАН СССР. Кол. фил. им. С.М. Кирова, Поляр. геофиз. ин-т
_vПГИ-86-01-43
300 _aРез. на англ. яз.
320 _aБиблиогр.: с. 50
801 0 _aRU
_bNLR
_gpsbo
801 1 _aRU
_bELAR
_2rusmarc
852 _aNLR
_j87-4/17255
942 _cBOOK
980 _aNB